00546cam a22001577a 4500008004000000082001500040100002100055245005000076260004100126300000900167650004000176650003900216650002700255999001900282952008700301180718b1974 xxu||||| |||| 00| 0 eng d aOAx42 G798 aKennedy,James C. aLooking for leisure 1974cBy James C. Kennedy aLondonbGreater London councilc1974 a114p aChristian education - United States aChurch and college - United States aHope College - History c410693d410693 00104070aIIPAbIIPAd2009-01-21oOAx42 G798pDA4628r2018-07-21w2018-07-21yDA